Luật tín hiệu quốc tế
Guardat en:
| Format: | Llibre |
|---|---|
| Idioma: | Undetermined |
| Publicat: |
Giao thông vận tải
2002
|
| Etiquetes: |
Afegir etiqueta
Sense etiquetes, Sigues el primer a etiquetar aquest registre!
|
| Thư viện lưu trữ: | Trung tâm Học liệu Trường Đại học Cần Thơ |
|---|
| LEADER | 00348nam a2200121Ia 4500 | ||
|---|---|---|---|
| 001 | CTU_49735 | ||
| 008 | 210402s9999 xx 000 0 und d | ||
| 082 | |a 343.09 | ||
| 082 | |b L504 | ||
| 245 | 0 | |a Luật tín hiệu quốc tế | |
| 260 | |b Giao thông vận tải | ||
| 260 | |c 2002 | ||
| 980 | |a Trung tâm Học liệu Trường Đại học Cần Thơ | ||